Making your writing program work : (Record no. 13146)

000 -LEADER
fixed length control field 00695cam a2200217 a 4500
020 ## - INTERNATIONAL STANDARD BOOK NUMBER
ISBN 0803945744
020 ## - INTERNATIONAL STANDARD BOOK NUMBER
ISBN 0803945752 (pbk.)
040 ## - CATALOGING SOURCE
Transcribing agency DLC
082 00 - DEWEY DECIMAL CLASSIFICATION NUMBER
Classification number 808 SAG 1992 A093 Or.
100 1# - MAIN ENTRY--AUTHOR NAME
Personal name Hilgers, Thomas,
245 10 - TITLE STATEMENT
Title Making your writing program work :
Remainder of title a guide to good practices /
260 ## - PUBLICATION, DISTRIBUTION, ETC. (IMPRINT)
Place of publication Newbury Park, Calif. :
Name of publisher Sage Publications,
Year of publication c1992.
300 ## - PHYSICAL DESCRIPTION
Number of Pages ix, 318 p. ;
Dimensions 23 cm.
650 #0 - SUBJECT ADDED ENTRY--TOPICAL TERM
Topical Term English language
650 #0 - SUBJECT ADDED ENTRY--TOPICAL TERM
Topical Term Report writing
650 #0 - SUBJECT ADDED ENTRY--TOPICAL TERM
Topical Term Writing centers
700 1# - ADDED ENTRY--PERSONAL NAME
Personal name Marsella, Joy A.
856 42 - ELECTRONIC LOCATION AND ACCESS
Uniform Resource Identifier http://www.loc.gov/catdir/enhancements/fy0655/92028929-d.html
856 41 - ELECTRONIC LOCATION AND ACCESS
Uniform Resource Identifier http://www.loc.gov/catdir/enhancements/fy0655/92028929-t.html
942 ## - ADDED ENTRY ELEMENTS (KOHA)
Koha item type សៀវភៅភាសាអង់គ្លេស
952 ## - LOCATION AND ITEM INFORMATION (KOHA)
Withdrawn status [LOCAL, KOHA] 0
Holdings
Permanent Location Date acquired Koha item type Lost status Shelving location Barcode Current Location Full call number
Library Block A2017-08-20សៀវភៅភាសាអង់គ្លេស A095A15473Library Block A808 SAG 1992 A095 Or.
មជ្ឈមណ្ឌលឯការនៃសាកលវិទ្យាល័យភូមិន្ទកសិកម្មចំការដូង

Powered by Koha